Indian State Emblems - Statistics

General Stats
  • This quiz has been taken 46 times
  • The average score is 16 of 27
Answer Stats
Picture Answer % Correct
Tamil Nadu
93%
Himachal Pradesh
83%
Jharkhand
83%
Andhra Pradesh
79%
Assam / Gujarat / Mizoram / Rajasthan / Tripura / Dadra and Nagar Haveli and Daman and Diu / Delhi / Jammu and Kashmir / Ladakh / Puducherry
79%
Madhya Pradesh
79%
Odisha
72%
Punjab
69%
Uttar Pradesh
69%
Chandigarh
66%
Haryana
66%
Chhattisgarh
62%
West Bengal
62%
Arunachal Pradesh
59%
Bihar
55%
Kerala
55%
Maharashtra
55%
Meghalaya
55%
Nagaland
55%
Uttarakhand
55%
Manipur
48%
Sikkim
48%
Telangana
48%
Lakshadweep
45%
Goa
41%
Andaman and Nicobar Islands
0%
Jharkhand
0%
No matching quizzes found
Score Distribution
Percent of People with Each Score
Percentile by Number Answered
Your Score History
You have not taken this quiz